000
00201 a2200097 4500
001
1819
100
_a
Tolts, F.E.
245
_a
Industrial Management
260
_a
_b
Mcgrawhill
_c
090
_c
1326
_d
1326
942
_a
NUST-CAE
_c
M
_c
3625
999
_c
236892
_d
236892